Información gráfica sobre armamentismo
Kaydedildi:
| Müşterek Yazar: | |
|---|---|
| Materyal Türü: | Kitap |
| Dil: | Spanish |
| Baskı/Yayın Bilgisi: |
Azcapotzalco, Distrito Federal, México
Universidad Autónoma Metropolitana
1986
|
| Konular: | |
| Etiketler: |
Etiketle
Etiket eklenmemiş, İlk siz ekleyin!
|
MARC
| LEADER | 00000nam a2200000 4500 | ||
|---|---|---|---|
| 003 | cru CIDCACS/IIS | ||
| 005 | 20231019151324.0 | ||
| 008 | 190121b1986 MX ||||| |||| 00| 0 spa d | ||
| 040 | |c cru CIDCACS/IIS | ||
| 090 | |a REV0001 7(17) 1986 | ||
| 110 | |9 8187 |a Universidad Autónoma Metropolitana, UAM | ||
| 245 | |a Información gráfica sobre armamentismo | ||
| 260 | |a Azcapotzalco, Distrito Federal, México |b Universidad Autónoma Metropolitana |c 1986 | ||
| 300 | |a Páginas 131-137 | ||
| 650 | 0 | |a ESTADISTICAS |9 5241 | |
| 650 | 0 | |a POLITICA INTERNACIONAL |2 OCDE | |
| 650 | 4 | |2 OCDE |9 1848 |a DIPLOMACIA | |
| 650 | 4 | |2 OCDE |9 1945 |a COMERCIO INTERNACIONAL | |
| 650 | 0 | |2 OCDE |9 8239 |a ARMAMENTISMO | |
| 650 | 0 | |2 OCDE |9 95 |a EXPORTACIONES | |
| 650 | 0 | |2 OCDE |9 4263 |a OTAN | |
| 650 | 0 | |a PAISES EN DESARROLLO |9 1642 | |
| 653 | |a PACTO DE VARSOVIA | ||
| 773 | 0 | |0 18805 |9 2594 |d Azcapotzalco UAM |o 02235 |t AZCAPOTZALCO | |
| 942 | |2 ddc |c PP | ||
| 999 | |c 42082 |d 42082 | ||
